000 00565nam a22002057a 4500
003 BUBTL
008 201015b xxu||||| |||| 00| 0 eng d
020 _a8054-327-7
082 _a519.5/GUB
100 _aGupta, S. P.
_989
245 _aBusiness Statistics
_bS. P. Gupta and M. P. Gupta
250 _a14th
260 _aNew Delhi
_bSultan Chand & Sons
_cc2006
300 _a712p . :
_b22cm.
650 _aStatistics
_9171
700 _aS. P. Gupta and M. P. Gupta
_93626
856 _k0
_l0
_yDownload
942 _2ddc
_cBK
999 _c6400
_d6400